Monopoly imperio / (Registro nro. 3934)
[ vista simple ]
| 000 -LEADER | |
|---|---|
| fixed length control field | 00754nam a2200193Ia 4500 |
| 003 - CONTROL NUMBER IDENTIFIER | |
| control field | OSt |
| 005 - DATE AND TIME OF LATEST TRANSACTION | |
| control field | 20200623091416.0 |
| 008 - FIXED-LENGTH DATA ELEMENTS--GENERAL INFORMATION | |
| fixed length control field | 191128s9999 -noa g 000 j spa d |
| 040 ## - CATALOGING SOURCE | |
| Original cataloging agency | CO-JMCR |
| Transcribing agency | CO-JMCR |
| 041 ## - LANGUAGE CODE | |
| Language code of text/sound track or separate title | spa |
| 082 04 - DEWEY DECIMAL CLASSIFICATION NUMBER | |
| Classification number | J / |
| Item number | MON |
| 245 #0 - TITLE STATEMENT | |
| Title | Monopoly imperio / |
| 260 ## - PUBLICATION, DISTRIBUTION, ETC. | |
| Place of publication, distribution, etc. | Estados Unidos : |
| Name of publisher, distributor, etc. | Hasbro, |
| Date of publication, distribution, etc. | ©2013 |
| 300 ## - PHYSICAL DESCRIPTION | |
| Extent | 1 juego (1 tablero, 4 torres, 6 figuras, 36 fichas, 28 tarjetas, 1 paquete de dinero, 2 dados) |
| Dimensions | 40 cm. x 26 cm. + instructivo |
| 500 ## - GENERAL NOTE | |
| General note | Incluye 129 billetes en diferentes denominaciones. Recomendado para mayores de 10 años. |
| 520 ## - SUMMARY, ETC. | |
| Summary, etc. | El emocionante juego de negociar propiedades. Construye tu imperio comprando ¡las mejores marcas del mundo!. |
| 650 ## - SUBJECT ADDED ENTRY--TOPICAL TERM | |
| Topical term or geographic name entry element | Juegos de mesa |
| 9 (RLIN) | 5948 |
| 942 ## - ADDED ENTRY ELEMENTS (KOHA) | |
| Source of classification or shelving scheme | Dewey Decimal Classification |
| Koha item type | Books |
| Withdrawn status | Lost status | Source of classification or shelving scheme | Damaged status | Not for loan | Collection code | Home library | Current library | Date acquired | Source of acquisition | Cost, normal purchase price | Total Checkouts | Full call number | Barcode | Date last seen | Copy number | Koha item type |
|---|---|---|---|---|---|---|---|---|---|---|---|---|---|---|---|---|
| Dewey Decimal Classification | Fiction | Biblioteca Pública José María del Castillo y Rada | Biblioteca Pública José María del Castillo y Rada | 11/28/2019 | Donación | 0.00 | J / MON | 201808733 | 11/28/2019 | Ej.1 | Books |